Statistics for Black Adam Quiz (SPOILERS)

Click here to take the quiz!

General Stats

  • This quiz has been taken 54 times
    (49 since last reset)
  • The average score is 7 of 14

Answer Stats

ActorRole% Correct
Dwayne JohnsonBlack Adam
100%
Pierce BrosnanKent Nelson/Doctor Fate
77%
Henry CavillClark Kent/Superman
71%
Noah CentineoAlbert Rothstein/Atom Smasher
63%
Aldis HodgeCarter Hall/Hawkman
63%
Quintessa SwindellMaxine Hunkell/Cyclone
60%
Viola DavisAmanda Waller
43%
Marwan KenzariIshmael/Sabbac
43%
Sarah ShahiAdrianna Tomaz
37%
Djimon HounsouShazam Wizard
31%
Bodhi SabonguiAmon Tomaz
26%
Mohammed AmerKarim
26%
Jennifer HollandEmilia Harcourt
20%
Jalon ChristianHurut
20%

Score Distribution

Percentile by Number Answered

Percent of People with Each Score

Your Score History

You have not taken this quiz since the last reset